| 000 | 00505ntaaa2200193 4500 | ||
|---|---|---|---|
| 003 | 01 | ||
| 005 | 20251027203054.0 | ||
| 008 | 0714s1973 ag 01 | ||
| 020 | _a950090201X | ||
| 040 |
_aAR-BaBN _bspa _cAR-BaBN _eaacr _dRIC |
||
| 082 | _a232.9540 C48m | ||
| 100 |
_aCiaccio, Virgilio _931969 |
||
| 245 | _aMaestro del mundo nuevo | ||
| 250 | _a1 ed. | ||
| 260 |
_aBuenos Aires : _bEdiciones Paulinas, _c1983 |
||
| 300 |
_a123 p. ; _cil.; 17 cm |
||
| 650 |
_aJesucristo--EnseƱanzas _95690 |
||
| 942 | _cBK | ||
| 999 |
_c26102 _d26102 |
||